Folklore y apuntes para la sociología indígena / (Record no. 13423)

000 -CABECERA
fixed length control field 00577nam a22001697a 4500
003 - IDENTIFICADOR DEL NÚMERO DE CONTROL
control field AR-CdUCM
008 - DATOS DE LONGITUD FIJA--INFORMACIÓN GENERAL
fixed length control field 190415b ||||| |||| 00| 0 spa d
040 ## - FUENTE DE LA CATALOGACIÓN
Agencia/entidad que catalogó originalmente la obra MUNICIPALIDAD PROVINCIAL DEL CUSCO
Entidad que transcribió la catalogación BIBLIOTECA MUNICIPAL DEL CUSCO
082 ## - NÚMERO DE LA CLASIFICACIÓN DECIMAL DEWEY
No. de Clasificación 980.569 /
Notacion interna D35 / 1931
100 ## - ENTRADA PRINCIPAL--NOMBRE DE PERSONA
Nombre Personal Delgado A., M. Julio
245 ## - MENCIÓN DE TÍTULO
Título Folklore y apuntes para la sociología indígena /
260 ## - PUBLICACIÓN, DISTRIBUCIÓN, ETC.
Lugar de publicación, distribución, etc. Lima :
Nombre de la editorial, distribuidor, etc. Revista universitaria de la ciudad de Arequipa
Fecha de publicación, distribución, etc. 1931
505 ## - NOTA DE CONTENIDO CON FORMATO
Nota de contenido formateada Contenido :Folklore Peruano /
650 ## - PUNTO DE ACCESO ADICIONAL DE MATERIA--TÉRMINO DE MATERIA
Descriptor Folklore
9 (RLIN) 1081
942 ## - ELEMENTOS DE PUNTO DE ACCESO ADICIONAL (KOHA)
Fuente de clasificación
Tipo de item Libros-BMC
945 ## - PROCESAMIENTO DE INFORMACIÓN LOCAL (OCLC)
Catalogador rjall
AAAA-MM-DD - Fecha de ingreso o modificacion 2019-04-15
Holdings
Estado de retiro (separado) Fuente de clasificación o esquema de estanterías Estado dañado Ubicación Sala donde se ubica Nombre de la colección Fecha de adquisición o compra Costo, precio normal en soles Signatura topográfica Código de Barras Última vez visto (Koha) Tipo de ítem (Koha)
No     Sala Cusco Antiguo Sala Cusco Antiguo Book Cart 2019-04-15 23.00 980.569 / D35 / 1931 SCA0002844 2019-04-15 Libros-BMC

Powered by Koha